| 000 | 00565nam a22002057a 4500 | ||
|---|---|---|---|
| 003 | OSt | ||
| 005 | 20140310183127.0 | ||
| 008 | 130529t xxu||||| |||| 00| 0 eng d | ||
| 020 | _a9712334562 | ||
| 050 |
_aQC 33 _b.C357 2002 |
||
| 082 |
_aFIL 530.078 _bC28 2002 |
||
| 245 |
_aPhysics laboratory manual on heat, electricity and magnetism _cCatchillar, Gerry C. |
||
| 260 |
_aManila _bRex Bookstore _cc2002 |
||
| 300 |
_aviii, 91 p. _c25 cm. |
||
| 521 | _aCollege students | ||
| 526 | _c1210L-1700L | ||
| 541 | _j1 | ||
| 562 | _e1 | ||
| 942 |
_2lcc _cBK _kFIL |
||
| 999 |
_c19045 _d19045 |
||